Loading...

Theory of environmental policy

Bibliographic Details
Main Author: Baumol,William J.
Other Authors: Oates,Wallace E.
Format: Printed Book
Published: Cambridge: CUP, 1988.
Edition:2
Subjects:
LEADER 00554cam a2200193ua 4500
020 |a 0-521-31112-8 
082 |a 338.927  |b BAU/T 
100 |a Baumol,William J. 
245 1 0 |a Theory of environmental policy  
250 |a 2 
260 |a Cambridge:  |b CUP,  |c 1988. 
300 |a vi,299p. 
500 |a Includes index. 
650 |a Economics 
650 0 |a Environment 
700 0 2 |a Oates,Wallace E. 
942 |c BK 
999 |c 12006  |d 12006 
952 |0 0  |1 0  |4 0  |6 338_927000000000000_BAU  |7 0  |9 12525  |a KUCL  |b KUCL  |d 2014-05-23  |l 0  |o 338.927 BAU/  |p 13885  |r 2014-05-23  |w 2014-05-23  |y BK